Преображенський кафедральний собор у Житомирі. (Запис № 17429)

000 -Маркер запису
Контрольне поле сталої довжини 01629nam a22002777a 4500
003 - Належність контрольного номера
Контрольне поле Uzh_bibl
008 - Кодовані дані
Контрольне поле сталої довжини 250401b |||||||| |||| 00| 0 ukr d
020 ## - Індекс ISBN
ISBN 966-575-137-9
Ціна 13.96
040 ## - Джерело каталогіз.
Код мови каталог. укр.
041 ## - Код мови видання
Код мови оригіналу українська
Код мови тексту українська
080 ## - Індекс УДК
Індекс УДК 726.6(477)
090 ## - Шифри
Поличний індекс 726.6(477)
Авторський знак К 72
100 ## - Автор
Автор Костриця, Микола
245 ## - Назва
Назва Преображенський кафедральний собор у Житомирі.
Відповідальність Ред. Ю.О.Логінов
Фізичний носій Текст
260 ## - Вихідні дані
Місце видання Київ
Видавництво Техніка
Дата видання 2004
300 ## - Фізичний опис
Обсяг 144 с.
Ілл./тип відтвор. Іл.
490 ## - Серія
Назва серії Національні святині України
520 ## - Анотація
Анотація Книжку присвячено одній з сакральних споруд України Спасо-Преображенському кафедральному собору у Житомирі. Дуже стримане внутрішнє оформлення, властиве скоріше католицьким храмам, привертає увагу до надзвичайно гармонійних пропорцій храму, просторового об'єму та місцевих оздоблюваних матеріалів.
521 ## - Примітка про цільове призначення
Примітка про цільове призначення Для широкого кола читачів
546 ## - Примітка про мову
Примітка про мову укр.
650 ## - Тематичні рубрики
Основна рубрика Науково-популярне видання
653 ## - Ключові слова
Ключові слова Історія і архітектура.
-- Настоятелі і священнослужителі.
-- Некрополь.
655 ## - Термін індексування — жанр/форма
Жанр/форма Релігія
Типове ділення Туристичний путівник
700 ## - Інші автори
Інші автори Г.П. Мокрицький
942 ## - ADDED ENTRY ELEMENTS (KOHA)
Джерело класифікації чи схема поличного розташування
Koha item type Книги
Фонди
Статус вилучення Статус втрати/відсутності Джерело класифікації чи схема поличного розташування Статус пошкодження Тип обігу (не для випозичання) Постійне розташування Поточне розташування Розташування у відділі Дата надходження Інвентарний номер Total Checkouts Повний (примірниковий) шифр зберігання Штрих-код Date last seen Дата, для якої чинна ціна заміни Тип одиниці (рівень примірника)
          Бібліотека-філія № 1 для дітей Бібліотека-філія № 1 для дітей Читальна зала старший відділ 21/04/2026 54200   726.6(477) 16614 21/04/2026 21/04/2026 Книги

Працює на АБІС Коха